01162nam a2200241Ia 4500001000600000003000900006008004100015040001300056040001300069041001300082100002000095100002900115245002100144245002100165250001100186260001100197260001600208260004900224300005700273500052000330650003900850650003100889B0851IT-RoPAU130308s9999 xx 000 0 und d aIT-RoPAU cIT-RoPAU aITALIANO aMaldonado Tomas gCodice Aut. SPICS: 4304 aReale e virtuale bReale e Virtuale a1a ed. aMILANO bFeltrinelli c1992 [1° Ed.:1992 - Ed.Ling.Originale:1992] a"190 p. (prefazione: no ; testo: 190 [pagine: 0-0])" aSaggio Sulle tecnologie Avanzate e Sulle Loro implicazioni Sulla Vita e Sulla Cultura del Nostro Tempo. Reale Virtuale. Virtualità e Nuovi Materiali. Brevetto: tra Virtualità dell'invenzione e Realtà dell'Innovazione. Modello e Realtà del Progetto. Arte e Scienza. Appunti Sull'Iconicità. intervista All'Autore Curata da Giacinto di Pierantonio. Bibliografia. Fantasmatica. Prospettiva. Iconoclastia. Ceroplastica. Teatralità. Ricognizione. Specchio. Colpo D'Occhio. Cyberspace. Semiotica. Telepresenza. aTEORIA/LINGUAGGI DELLE ARTI VISIVE eCodice materia Spics: 5003